| 000 | 00490nam a2200193Ia 4500 | ||
|---|---|---|---|
| 005 | 20240823060921.0 | ||
| 008 | 240823s9999||||xx |||||||||||||| ||und|| | ||
| 020 | _a81-315-1106-5 | ||
| 041 | _aENGLISH | ||
| 082 | _A658.3 Q0 | ||
| 100 | _a"Snell,Scott" | ||
| 245 | 0 | _aHuman Resources Management | |
| 250 | _a1st | ||
| 260 |
_c2010 _bCengage Learning _aNew Delhi |
||
| 500 | _aTRANSFERED | ||
| 650 |
_aHuman Resource Management _bManagement Studies |
||
| 942 | _cBK | ||
| 999 |
_c232276 _d232276 |
||